| 000 | 01937nam a22002177a 4500 | ||
|---|---|---|---|
| 003 | PILC | ||
| 005 | 20250528132436.0 | ||
| 008 | 171019b2002 xxu||||| |||| 00| 0 eng d | ||
| 010 | _aAcc#45756 | ||
| 020 | _a9781563097232 | ||
| 040 | _cPhilippine Baptist Theological Seminary | ||
| 050 |
_aBV 4740 _bB561 2002 |
||
| 100 |
_aBlackaby, Henry T. _eauthor |
||
| 245 | 1 | 0 |
_aCalled & accountable : God's purpose for every believer / _cby Henry T. Blackaby and Kerry L. Skinner |
| 264 |
_aMirmingham, AL : _bNew Hope Publishers, _c©2002. |
||
| 300 |
_a159 p. ; _c23 cm |
||
| 505 | _aContents: 1. Why does God call us? - God's Word reveals God and His ways; -Called: not for time, but eternity - Call requires character - Conformed to the image of Christ - Because He loves us - Testimony: Count Nicholas Zinzendorf 2. What is a call? - Testimony: Cheryl Wolfinger - A call to relationship - The call is redemptive - A call to mission - God initiates the call - A call to obedience - Testimony: Matt and Donna 3. Who are they called? - Testimony: Charles Beaty - All are called - Completeness of His call - Jesus equips the called - You are important to God! - Taking spiritual inventory - Testimony : Tillie Burgin 4. How am I called? - Testimony : Harold Ray Watson - Awareness of God's call - Spiritual senses developed - You must clearly know Him - Accountability to God - You must obey Him - Testimony : Pandita Ramabai 5. When am I called? - Testimony : William Wilberforce - Knowing the call - A daily walk, thoroughly rearranged - completely enabled - Necessity of functioning in the body - Full affirmation - Testimony : Mary Slessor 6. How do I Live out the call? - Testimony : Beth Moore - Desire to follow the call - The activity of God - Corporate calling - Daily living - Interdependence | ||
| 650 |
_aVocation _xChristianity |
||
| 700 | _aSkinner, Kerry L. | ||
| 942 |
_2ddc _cCB |
||
| 999 |
_c71128 _d71128 |
||